Southville International School and Colleges
Your cart is empty.
  • Cart
  • Lists
    Public lists Eva Luna New books Lux_list list_1
    Your lists Log in to create your own lists
  • Log in to your account
  • Your cookies
  • Search history
Southville International School and Colleges
  • Advanced search
  • Recent comments
  • Most popular
  • Libraries

Log in to your account

Log in with GOOGLE


If you do not have an external account, but do have a local account, you can still log in:

  1. Home
  2. MARC view: Chronicle of a life foretold :
Normal view MARC view ISBD view

Chronicle of a life foretold : (Record no. 276901)

[ view plain ]
MARC details
000 -LEADER
fixed length control field 01025cam a22002657i 4500
001 - CONTROL NUMBER
control field 17731872
005 - DATE AND TIME OF LATEST TRANSACTION
control field 20141210091108.0
008 - FIXED-LENGTH DATA ELEMENTS--GENERAL INFORMATION
fixed length control field 130509s2012 ph 000 0 eng
010 ## - LIBRARY OF CONGRESS CONTROL NUMBER
LC control number 2012325863
020 ## - INTERNATIONAL STANDARD BOOK NUMBER
International Standard Book Number 9789719538400 (pbk.)
020 ## - INTERNATIONAL STANDARD BOOK NUMBER
International Standard Book Number 9789719538424 (iPhone etc iBook)
020 ## - INTERNATIONAL STANDARD BOOK NUMBER
International Standard Book Number 9789719538417 (Kindle etc ePub)
040 ## - CATALOGING SOURCE
Original cataloging agency DLC
Language of cataloging eng
Transcribing agency DLC
Description conventions rda
041 ## - LANGUAGE CODE
Language code of text/sound track or separate title eng
-- tgl
-- ceb
-- hil
042 ## - AUTHENTICATION CODE
Authentication code lcode
050 00 - LIBRARY OF CONGRESS CALL NUMBER
Classification number PS 9993.A29
Item number .Ag283 2012
100 1# - MAIN ENTRY--PERSONAL NAME
Personal name Aguilar, Mila D.
245 10 - TITLE STATEMENT
Title Chronicle of a life foretold :
Remainder of title 101 poems, 1995-2003 /
Statement of responsibility, etc Mila D. Aguilar ; with a foreword by Isagani R. Cruz and comments by Bienvenido Lumbera, Ramon Magsaysay Awardee for Literature & Lilia Quindoza-Santiago.
260 ## - PUBLICATION, DISTRIBUTION, ETC. (IMPRINT)
Place of publication, distribution, etc Philippines :
Name of publisher, distributor, etc JC-MDA Publications,
Date of publication, distribution, etc c2012.
300 ## - PHYSICAL DESCRIPTION
Extent 196 pages :
Dimensions 23 cm.
546 ## - LANGUAGE NOTE
Language note In English, 12 poems in Tagalog and 3 poems in Cebuano and Hiligaynon.
906 ## - LOCAL DATA ELEMENT F, LDF (RLIN)
a 7
b cbc
c origode
d 4
e ncip
f 20
g y-gencatlg
942 ## - ADDED ENTRY ELEMENTS (KOHA)
Source of classification or shelving scheme Library of Congress Classification
Koha item type Books
Call number prefix Filipininana
Holdings
Withdrawn status Lost status Source of classification or shelving scheme Damaged status Home library Current library Shelving location Date acquired Source of acquisition Sub Shelving location Total Checkouts Full call number Barcode Date last seen Price effective from Koha item type
    Library of Congress Classification   College Library College Library Filipiniana Section 12/10/2014 Library Fund     PS 9993.A29 .Ag283 2012 C18991 05/08/2018 12/10/2014 Books

Chronicle of a life foretold :

APA

Aguilar M. D., . (2012). Chronicle of a life foretold. Philippines: JC-MDA Publications.

Chicago

Aguilar Mila D, . 2012. Chronicle of a life foretold. Philippines: JC-MDA Publications.

Harvard

Aguilar M. D., . (2012). Chronicle of a life foretold. Philippines: JC-MDA Publications.

MLA

Aguilar Mila D, . Chronicle of a life foretold. Philippines: JC-MDA Publications. 2012.

  • Place hold
  • Print
  • Cite
  • Add to your cart (remove)
  • Save record
    BIBTEX Dublin Core MARCXML MARC (non-Unicode/MARC-8) MARC (Unicode/UTF-8) MARC (Unicode/UTF-8, Standard) MODS (XML) RIS
  • More searches
    Search for this title in:
    Other Libraries (WorldCat) Other Databases (Google Scholar) Online Stores (Bookfinder.com) Open Library (openlibrary.org)

Exporting to Dublin Core...

SOUTHVILLE LIBRARY

Southville International School and Colleges Library

1281 Tropical Ave. Cor. Luxembourg St., BF Homes International, Las Pinas City

Tel. No. 8256374 / 252358 Loc. 117/146

Powered by Koha